| 000 | 00484nam a22002057a 4500 | ||
|---|---|---|---|
| 003 | Nust | ||
| 005 | 20220228123837.0 | ||
| 008 | 170222b xxu||||| |||| 00| 0 eng d | ||
| 020 | _a978-81-203-3190-7 | ||
| 038 | _akhadija | ||
| 040 | _cc | ||
| 082 |
_a620.105 _bSIN |
||
| 100 |
_aSingh,Kumar Arbind _982882 |
||
| 245 | _aMechanics of Solids | ||
| 260 |
_aNew Delhi : _bPHI , _c2014. |
||
| 300 |
_a479 p. ; _b23 cm. |
||
| 500 | _aPaperback. | ||
| 563 | _aPB | ||
| 942 |
_cBK _2ddc |
||
| 999 |
_c33912 _d33912 |
||